Mathematical problems in estimation theory & confidence interval / (Record no. 42453)

MARC details
000 -LEADER
fixed length control field 00688nam a22001937a 4500
005 - DATE AND TIME OF LATEST TRANSACTION
control field 2010081808598.0
010 ## - LCCN (DPL NO)
LC control number ENG-100862
020 ## - INTERNATIONAL STANDARD BOOK NUMBER
International Standard Book Number 9788190671156
Terms of availability 80.00
035 ## - SYSTEM CONTROL NUMBER
System control number EN-84395
037 ## - SOURCE OF ACQUISITION
Source of stock number/acquisition DSBAD/PUB
082 ## - DEWEY DECIMAL CLASSIFICATION NUMBER
Classification number 510
100 ## - MAIN ENTRY--PERSONAL NAME
Personal name Manikandan,K M
245 ## - TITLE STATEMENT
Title Mathematical problems in estimation theory & confidence interval /
Statement of responsibility, etc by K M Manikandan
260 ## - PUBLICATION, DISTRIBUTION, ETC. (IMPRINT)
Place of publication, distribution, etc Coimbatore
Name of publisher, distributor, etc Rainbow Publications
Date of publication, distribution, etc 2008
270 ## - ADDRESS
Address Shree Lakshmi Towers Mettupalayam Road
City Coimbatore
Postal code 641043
300 ## - PHYSICAL DESCRIPTION
Extent 148p
Dimensions 19 cm(pbk)
942 ## - ADDED ENTRY ELEMENTS (KOHA)
Source of classification or shelving scheme Dewey Decimal Classification
Item type English Books
Classification part 510
Call number suffix MAN
Holdings
Withdrawn status Lost status Not for loan Collection code Home library Current library Date acquired Source of acquisition Cost, normal purchase price Full call number Barcode Copy number Cost, replacement price Koha item type
    Not For Loan Non-fiction D.B.Act.Division D.B.Act.Division 18/08/2010 DBAD/PUB 80.00 510 MAN EN-84395 1 80.00 English Books

© Delhi Public Library
Hit Counter
free hit counter